π“π‘πž 𝐘𝐞𝐚𝐫 𝟐𝟎𝟐𝟏 - Statistics

General Stats
  • This quiz has been taken 29 times
  • The average score is 23 of 68
Answer Stats
Category Question Answer % Correct
Politics This U.S. President becomes the first to be impeached twice by the House of Representatives, but is later acquitted a second time by the Senate Donald Trump
96%
Politics This man is sworn in as the 46th President of the United States Joe Biden
92%
Politics The United States officially withdraws its last remaining troops ending the war in this country that began in 2001 Afghanistan
85%
Politics Russia amasses 100,000+ troops on the border of this bordering nation Ukraine
85%
Politics RaΓΊl Castro resigns as First Secretary in this country, ending more than 62 years of rule by the Castro brothers Cuba
81%
Other Events This provocative Tesla & SpaceX CEO becomes the world's richest man, with a net worth exceeding $185 billion Elon Musk
81%
Politics China formally tightens its grip on this special administrative region Hong Kong
69%
Politics 5 people die and 56 members of law enforcement are injured after supporters of President Trump storm this building, attempting to stop the orderly transition of power U.S. Capitol
69%
Music Billboard Year-End #3 Song: 'Blinding Lights' by ________ The Weeknd
65%
Music Billboard Year-End #2 Song: 'Save Your Tears' by ________ The Weeknd / Ariana Grande
65%
Sports This country won the most medals (113) in the 2020 Summer Olympics United States
65%
Sports The (postponed) 2020 Summer Olympics were held in this city Tokyo, Japan
62%
Other Events This actor/producer fatally shoots Halyna Hutchins on the set of the movie 'Rust' Alec Baldwin
58%
Music Billboard Year-End #1 Song: 'Levitating' by ________ Dua Lipa
58%
Music Billboard Year-End #5 Song: 'Good 4 U' by ________ Olivia Rodrigo
58%
Other Events This singer's conservatorship comes into the attention of the public, and her father, Jamie, is suspended as the conservator of her estate Britney Spears
54%
Sports Boxer Floyd Mayweather Jr. fights an exhibition bout against this YouTuber Logan Paul
54%
Music This R&B icon wins the most Grammy Awards (4) BeyoncΓ©
50%
Music Olivia Rodrigo releases her debut single to critical acclaim, titled this: Driver's License
50%
Science This COVID-19 variant becomes the dominant strain by Christmas Omicron
50%
Sports This golf champion is seriously injured in a car crash and undergoes surgery Tiger Woods
50%
Music This young singer wins her second straight 'Record of the Year' award at the Grammy's Billie Eilish
46%
Science NASA's mission containing the Perseverance rover and Ingenuity helicopter drone land on this planet after 7 months of travel Mars
42%
Other Events This U.S. federal holiday is officially celebrated for the first time Juneteenth
38%
Politics This New York governor resigns after an inquiry finds he sexually harassed multiple women Andrew Cuomo
35%
Other Events This British socialite is convicted on six charges of sex trafficking to be sexually abused by Jeffrey Epstein Ghislaine Maxwell
35%
Sports Super Bowl winners: Tampa Bay Buccaneers
35%
Film & TV This recently-deceased man's final episode hosting Jeopardy! is aired in January Alex Trebek
31%
Politics The U.S. House of Representatives strips this controversial congresswoman from her committee assignments Marjorie Taylor Greene
31%
Other Events This actor becomes the oldest person to go into space at age 90 William Shatner
31%
Sports World Series winners: Atlanta Braves
27%
Music Billboard Year-End #4 Song: 'Mood' by ________ 24kGoldn
23%
Sports NCAA Football National Champions: Alabama Crimson Tide
23%
Politics A recall election is held in California on whether this governor should remain in office Gavin Newsom
23%
Weather This September hurricane kills 115 people and causes $75.25 billion in damage, making it the fifth-costliest hurricane on record Hurricane Ida
23%
Religion Pope Francis becomes the first Pope to visit this country Iraq
23%
Politics This young Wisconsin man is found not guilty on five charges of attempted murder Kyle Rittenhouse
23%
Sports NBA Champions: Milwaukee Bucks
23%
Other Events Daunte Wright is killed by a police officer in this U.S. state, after an attempted arrest following a traffic stop Minnesota
23%
Film & TV #1 highest-grossing film ($1,912,233,593) Spider-Man: No Way Home
23%
Other Events This man is found guilty on all counts in the murder of George Floyd and sentenced to 22.5 years in prison Derek Chauvin
19%
Sports This kicker sets the new record for longest field goal (66 yards) in NFL history Justin Tucker
19%
Politics This woman becomes the first female governor of New York Kathy Hochul
19%
Sports Stanley Cup winners: Tampa Bay Lightning
19%
Sports This 'fake' high school football team loses 58-0 to IMG Academy Bishop Sycamore
15%
Sports This NFL defensive end becomes the first active openly gay player Carl Nassib
15%
Politics Dominion Voting Systems sues this pillow salesman for $1.3 billion for defamation Mike Lindell
15%
Film & TV Oscars - Best Picture: Nomadland
15%
Science Researchers report finding the earliest know fossil life form on Earth (3.42 billion years old) in this country South Africa
15%
Science This Russian COVID-19 vaccine is shown to be 92% effective Sputnik V
15%
Film & TV Oscars - Best Actor: Anthony Hopkins - The Father
12%
Sports NCAA Basketball National Champions: Baylor Bears
12%
Science Scientists report that large shares of this wild animal have been infected with COVID-19 Deer
12%
Sports This female British tennis player becomes the first player in the Open Era to win a major tournament after coming through qualifiers Emma Raducanu
12%
Film & TV #4 highest-grossing film ($774,153,007) No Time to Die
12%
Film & TV Emmys - Outstanding Comedy Series: Ted Lasso
12%
Film & TV #5 highest-grossing film ($726,229,501) F9: The Fast Saga
8%
Film & TV Oscars - Best Actress: Frances McDormand - Nomadland
8%
Film & TV Emmys - Outstanding Lead Actor in a Comedy Series: Jason Sudeikis - Ted Lasso
8%
Film & TV Emmys - Outstanding Lead Actress in a Comedy Series: Jean Smart - Hacks
8%
Film & TV Emmys - Outstanding Lead Actor in a Comedy Series: Josh O'Connor - The Crown
8%
Film & TV Emmys - Outstanding Lead Actress in a Drama Series: Olivia Colman - The Crown
8%
Religion Mass protests break out in this country after it severs ties with France for blasphemy Pakistan
8%
Film & TV Emmys - Outstanding Drama Series: The Crown
8%
Science Scientists report this massive glacier could 'shatter' in 5-10 years Thwaites Glacier
8%
Film & TV #3 highest-grossing film ($822,009,764) Hi, Mom
4%
Weather This July hurricane causes $1.2 billion in damage in the Caribbean, USA, & Canada Hurricane Elsa
4%
Film & TV #2 highest-grossing film ($902,548,476) The Battle at Lake Changjin
4%
No matching quizzes found
Score Distribution
Percent of People with Each Score
Percentile by Number Answered
Your Score History
You have not taken this quiz